000 00869 a2200193 4500
001 48631
005 20260407155751.0
008 260407a1973 arg spa d
003 AR-UNSa-BCEJYS
040 _aAR-UNSa-BCEJYS
_bspa
_cAR-UNSa-BCEJYS
080 _a004.2
_xAnálisis y diseños de sistemas
245 1 0 _aSistemas operativos
264 1 _aBuenos Aires :
_bKapelusz
_c1973
300 _a160 p.
_c22 cm.
505 _a1. El papel del sistema operativo - 2. Introducción al diseño de sistemas operativos - 3. Principios de arquitectura de sistemas - 4. Multiprogramación I - 5. Multiprogramación II - 6. Administración de datos y E/S - 7. Sistemas de archivo - 8. Sistemas de computación vinculados - 9. Lenguajes de control de trabajos - 10. El sistema y el usuario.
942 _cBK
590 _aniveau_biblio:m niveau_hierar:0
100 1 _aBarron, D.W.
999 _c4659
_d4659